000
00321nam a22001457a 4500
008
221107b ||||| |||| 00| 0 eng d
020
_a
9780826172532
041
_a
eng
080
_a
618
082
_a
618 STE
100
_a
15.2
101
_a
GINE
245
_a
FERTILITY AND ASSISTED
_c
STEVENSON E
942
_2
udc
_c
BK
999
_c
58770
_d
58770